000 nam a22 7a 4500
999 _c10549
_d10549
008 180219b ||||| |||| 00| 0 eng d
100 _aGoyal,Bros
_96370
245 _aSocial Studies for Juniors-4
260 _aNew Delhi
_bGoyal
_c2011